Movie recommendation system / (Record no. 230952)

MARC details
000 -LEADER
fixed length control field 00597nam a22001817a 4500
003 - CONTROL NUMBER IDENTIFIER
control field OSt
005 - DATE AND TIME OF LATEST TRANSACTION
control field 20240528155602.0
008 - FIXED-LENGTH DATA ELEMENTS--GENERAL INFORMATION
fixed length control field 240528b ||||| |||| 00| 0 eng d
040 ## - CATALOGING SOURCE
Transcribing agency AIMIT LIBRARY
100 ## - MAIN ENTRY--PERSONAL NAME
Personal name Prakash, Delin.
Relator term 202006
9 (RLIN) 168267
245 ## - TITLE STATEMENT
Title Movie recommendation system /
Statement of responsibility, etc. By Delin Prakash; Guided by Hemalatha N and Richard Arulraj Edward.
260 ## - PUBLICATION, DISTRIBUTION, ETC.
Place of publication, distribution, etc. Mangalore
Date of publication, distribution, etc. 2022
650 ## - SUBJECT ADDED ENTRY--TOPICAL TERM
Topical term or geographic name entry element Data science
9 (RLIN) 168268
700 ## - ADDED ENTRY--PERSONAL NAME
Personal name N, Hemalatha
Relator term Guide
9 (RLIN) 168269
700 ## - ADDED ENTRY--PERSONAL NAME
Personal name Edward, Richard Arulraj.
Relator term Guide
9 (RLIN) 168270
856 ## - ELECTRONIC LOCATION AND ACCESS
Materials specified Data sources and format
Link text www.tcs.com
942 ## - ADDED ENTRY ELEMENTS (KOHA)
Source of classification or shelving scheme Dewey Decimal Classification
Koha item type Project Report
Holdings
Withdrawn status Lost status Source of classification or shelving scheme Damaged status Not for loan Collection code Home library Current library Shelving location Date acquired Total Checkouts Barcode Date last seen Copy number Uniform Resource Identifier Price effective from Koha item type
    Dewey Decimal Classification   Not for loan Project Report M.Sc. Big Data Analytics St Aloysius Institute of Management & Information Technology St Aloysius Institute of Management & Information Technology Dissertations 05/28/2024   PBD00031 05/28/2024 202006 www,tea.com 05/28/2024 Project Report